Plus grandes fortunes mondiales - Statistiques

Statistiques générales
  • Ce quiz a été pris 75 fois
  • Le résultat moyen est 5 sur 20
Statistiques - réponses
Pays Fortune Entreprise Nom % Correct
Etats-Unis 430 Md$ Tesla, SpaceX Elon Musk
100%
Etats-Unis 240 Md$ Amazon Jeff Bezos
80%
Etats-Unis 200 Md$ Meta Mark Zuckerberg
70%
France 170 Md$ LVMH Bernard Arnault
67%
Etats-Unis 105 Md$ Microsoft Bill Gates
64%
Etats-Unis 160 Md$ Google Larry Page
20%
Etats-Unis 210 Md$ Oracle Larry Ellison
13%
Etats-Unis 150 Md$ Google Sergey Brin
10%
Espagne 120 Md$ Zara Amancio Ortega
9%
Etats-Unis 110 Md$ Walmart Jim Walton
9%
Etats-Unis 105 Md$ Bloomberg LP Michael Bloomberg
9%
Etats-Unis 110 Md$ Walmart Rob Walton
9%
Etats-Unis 100 Md$ Walmart Alice Walton
7%
Etats-Unis 140 Md$ Berkshire Hathaway Warren Buffett
7%
Etats-Unis 120 Md$ Nvidia Jensen Huang
6%
Etats-Unis 110 Md$ Dell Michael Dell
6%
Etats-Unis 75 Md$ Koch Inc. Julia Koch
4%
Etats-Unis 130 Md$ Microsoft Steve Ballmer
3%
Mexique 80 Md$ Claro Carlos Slim Helu
1%
Inde 95 Md$ Diverses Mukesh Ambani
1%
Aucun quiz correspondant
Distribution des résultats
% des personnes avec chaque résultat
Percentile par nombre de réponses
Votre historique - résultats
Vous n’avez pas pris ce quiz